000 01376nam a2200361 a 4500
001 ebr10527742
003 CaPaEBR
006 m u
007 cr cn|||||||||
008 830111s1984 aluc sb 001 0beng d
010 _z 83001100
020 _z0817301674
020 _z9780817301675
020 _z9780817356873
020 _z9780817385873 (e-book)
040 _aCaPaEBR
_cCaPaEBR
035 _a(OCoLC)785776356
050 1 4 _aPS3505.A53157
_bZ85 1984eb
082 0 4 _a813/.52
_aB
_219
100 1 _aSimmonds, Roy S.
245 1 4 _aThe two worlds of William March
_h[electronic resource] /
_cRoy S. Simmonds.
260 _aTuscaloosa, Ala. :
_bUniversity of Alabama Press,
_cc1984.
300 _axviii, 367 p. :
_bport.
490 1 _aThe Library of Alabama classics
504 _aIncludes bibliographical references and index.
533 _aElectronic reproduction.
_bPalo Alto, Calif. :
_cebrary,
_d2011.
_nAvailable via World Wide Web.
_nAccess may be limited to ebrary affiliated libraries.
600 1 0 _aMarch, William,
_d1893-1954.
650 0 _aNovelists, American
_y20th century
_vBiography.
655 7 _aElectronic books.
_2local
710 2 _aebrary, Inc.
830 0 _aLibrary of Alabama classics.
856 4 0 _uhttp://site.ebrary.com/lib/rucke/Doc?id=10527742
_zAn electronic book accessible through the World Wide Web; click to view
999 _c240536
_d240536